MARC details
| 000 -LEADER |
| fixed length control field |
03641cam a2200469 a 4500 |
| 001 - CONTROL NUMBER |
| control field |
6985783 |
| 003 - CONTROL NUMBER IDENTIFIER |
| control field |
ARRUPE |
| 005 - DATE AND TIME OF LATEST TRANSACTION |
| control field |
20150827143228.0 |
| 008 - FIXED-LENGTH DATA ELEMENTS--GENERAL INFORMATION |
| fixed length control field |
080624s2009 pau b 001 0 eng |
| 010 ## - LIBRARY OF CONGRESS CONTROL NUMBER |
| LC control number |
2008025562 |
| 020 ## - INTERNATIONAL STANDARD BOOK NUMBER |
| International Standard Book Number |
9780812220490 (alk. paper) |
| 020 ## - INTERNATIONAL STANDARD BOOK NUMBER |
| International Standard Book Number |
0812220498 (alk. paper) |
| 020 ## - INTERNATIONAL STANDARD BOOK NUMBER |
| International Standard Book Number |
9780812241129 |
| 020 ## - INTERNATIONAL STANDARD BOOK NUMBER |
| International Standard Book Number |
0812241126 |
| 024 ## - OTHER STANDARD IDENTIFIER |
| Standard number or code |
40016222797 |
| 035 ## - SYSTEM CONTROL NUMBER |
| System control number |
(OCoLC)ocn229036302 |
| 035 ## - SYSTEM CONTROL NUMBER |
| System control number |
(OCoLC)229036302 |
| Canceled/invalid control number |
(OCoLC)229036306 |
| 035 ## - SYSTEM CONTROL NUMBER |
| System control number |
(NNC)6985783 |
| 040 ## - CATALOGING SOURCE |
| Original cataloging agency |
DLC |
| Transcribing agency |
DLC |
| Modifying agency |
BTCTA |
| -- |
BAKER |
| -- |
YDXCP |
| -- |
UKM |
| -- |
C#P |
| -- |
OrLoB-B |
| 043 ## - GEOGRAPHIC AREA CODE |
| Geographic area code |
fe----- |
| 050 00 - LIBRARY OF CONGRESS CALL NUMBER |
| Classification number |
JC571. |
| Item number |
M95 2002 |
| 082 00 - DEWEY DECIMAL CLASSIFICATION NUMBER |
| Classification number |
323.06/0676 |
| Edition number |
22 |
| 300 ## - PHYSICAL DESCRIPTION |
| Dimensions |
24 cm. |
| 100 ## - MAIN ENTRY--PERSONAL NAME |
| Personal name |
Mutua, Makau. |
| 9 (RLIN) |
19006 |
| 245 00 - TITLE STATEMENT |
| Title |
Human rights NGOs in East Africa : |
| Remainder of title |
political and normative tensions / |
| Statement of responsibility, etc |
edited by Makau Mutua. |
| 260 ## - PUBLICATION, DISTRIBUTION, ETC. (IMPRINT) |
| Place of publication, distribution, etc |
Philadelphia : |
| Name of publisher, distributor, etc |
University of Pennsylvania Press, |
| Date of publication, distribution, etc |
c2009. |
| 300 ## - PHYSICAL DESCRIPTION |
| Extent |
vii, 390 p. ; |
| 490 1# - SERIES STATEMENT |
| Series statement |
Pennsylvania studies in human rights |
| 504 ## - BIBLIOGRAPHY, ETC. NOTE |
| Bibliography, etc |
Includes bibliographical references (p. [319]-365) and index. |
| 505 00 - FORMATTED CONTENTS NOTE |
| Title |
Introduction / |
| Statement of responsibility |
Makau Mutua -- |
| Miscellaneous information |
Pt. I. |
| Title |
Defining Challenges to Civil Society in East Africa -- |
| Miscellaneous information |
Ch. 1. |
| Title |
Human Rights NGOs in East Africa: Defining the Challenges / |
| Statement of responsibility |
Makau Mutua -- |
| Miscellaneous information |
Ch. 2. |
| Title |
To Whom, for What, and About What? The Legitimacy of Human Rights NGOs in Kenya / |
| Statement of responsibility |
Betty K. Murungi -- |
| Miscellaneous information |
Pt. II. |
| Title |
Interrogating NGO Mandates: Gender, Sexuality, and ESC Rights -- |
| Miscellaneous information |
Ch. 3. |
| Title |
Law, Sexuality, and Politics in Uganda: Challenges for Women's Human Rights NGOs / |
| Statement of responsibility |
Sylvia Tamale -- |
| Miscellaneous information |
Ch. 4. |
| Title |
NGO Struggles for Economic, Social, and Cultural Rights in UTAKE: A Ugandan Perspective / |
| Statement of responsibility |
Joe Oloka-Onyango -- |
| Miscellaneous information |
Ch. 5. |
| Title |
Feminist Masculinity: Advocacy for Gender Equality and Equity / |
| Statement of responsibility |
Willy Mutunga -- |
| Miscellaneous information |
Ch. 6. |
| Title |
Women's Advocacy: Engendering and Reconstituting the Kenyan State / |
| Statement of responsibility |
Jacinta K. Muteshi -- |
| Miscellaneous information |
Pt. III. |
| Title |
Donors and. Grantees: Convergences and Divergences -- |
| Miscellaneous information |
Ch. 7. |
| Title |
Donors and Human Rights NGOs in East Africa: Challenges and Opportunities / |
| Statement of responsibility |
Connie Ngondi-Houghton -- |
| Miscellaneous information |
Ch. 8. |
| Title |
Contradictions in Neoliberalism: Donors, Human Rights NGOs, and Governance in Kenya / |
| Statement of responsibility |
Karuti Kanyinga -- |
| Miscellaneous information |
Pt. IV. |
| Title |
State/Civil Society Relations -- |
| Miscellaneous information |
Ch. 9. |
| Title |
State and Civil Society Relations: Constructing Human Rights Groups for Social Change / |
| Statement of responsibility |
Livingstone Sewanyana -- |
| Miscellaneous information |
Ch. 10. |
| Title |
Governance and Democracy in Kenya: Challenges for Human Rights NGOs / |
| Statement of responsibility |
J. Wanjiku Miano -- |
| Miscellaneous information |
Pt. V. |
| Title |
NGO Institutional Case Studies -- |
| Miscellaneous information |
Ch. 11. |
| Title |
The African Women's Development and Communication Network: Pan-African Organizing in Human Rights / |
| Statement of responsibility |
L. Muthoni Wanyeki -- |
| Miscellaneous information |
Ch. 12. |
| Title |
Social Transformation in Uganda: A Study of Grassroots NGOs / |
| Statement of responsibility |
Dani W. Nabudere -- |
| Miscellaneous information |
Pt. VI. |
| Title |
South/South and North/South NGO Relations -- |
| Miscellaneous information |
Ch. 13. |
| Title |
The Death Penalty in East Africa: Law and Transnational Advocacy / |
| Statement of responsibility |
Margaret A. Burnham -- |
| Miscellaneous information |
Ch. 14. |
| Title |
Democracy Organizations in Political Transitions: IDASA and the New South Africa / |
| Statement of responsibility |
Shaila Gupta and Alycia Kellman -- |
| Title |
Conclusion: Coming of Age: NGOs and State Accountability in East Africa / |
| Statement of responsibility |
Chris Maina Peter. |
| 650 #0 - SUBJECT ADDED ENTRY--TOPICAL TERM |
| Topical term or geographic name as entry element |
Human rights |
| Geographic subdivision |
Africa, Eastern. |
| 9 (RLIN) |
19007 |
| 650 #0 - SUBJECT ADDED ENTRY--TOPICAL TERM |
| Topical term or geographic name as entry element |
Democratization |
| Geographic subdivision |
Africa, Eastern. |
| 9 (RLIN) |
19008 |
| 650 #0 - SUBJECT ADDED ENTRY--TOPICAL TERM |
| Topical term or geographic name as entry element |
Non-governmental organizations |
| Geographic subdivision |
Africa, Eastern. |
| 9 (RLIN) |
19009 |
| 650 #0 - SUBJECT ADDED ENTRY--TOPICAL TERM |
| Topical term or geographic name as entry element |
Civil society |
| Geographic subdivision |
Africa, Eastern. |
| 9 (RLIN) |
19010 |
| 650 #0 - SUBJECT ADDED ENTRY--TOPICAL TERM |
| Topical term or geographic name as entry element |
Democracy |
| Geographic subdivision |
Africa, Eastern. |
| 9 (RLIN) |
19011 |
| 651 #0 - SUBJECT ADDED ENTRY--GEOGRAPHIC NAME |
| Geographic name |
Africa, Eastern |
| General subdivision |
Politics and government |
| Chronological subdivision |
1960- |
| 9 (RLIN) |
10170 |
| 700 1# - ADDED ENTRY--PERSONAL NAME |
| Personal name |
Mutua, Makau. |
| 9 (RLIN) |
19006 |
| 830 #0 - SERIES ADDED ENTRY--UNIFORM TITLE |
| Uniform title |
Pennsylvania studies in human rights. |
| 9 (RLIN) |
19012 |
| 900 ## - EQUIVALENCE OR CROSS-REFERENCE-PERSONAL NAME [LOCAL, CANADA] |
| Numeration |
TOC |
| 942 ## - ADDED ENTRY ELEMENTS (KOHA) |
| Source of classification or shelving scheme |
Library of Congress Classification |
| Koha item type |
Monograph ( Printed materials) |
| 948 1# - LOCAL PROCESSING INFORMATION (OCLC); SERIES PART DESIGNATOR (RLIN) |
| Series part designator, SPT (RLIN) |
20090128 |
| b (OCLC) |
c |
| c (OCLC) |
jv5 |
| d (OCLC) |
MPS |
| 948 2# - LOCAL PROCESSING INFORMATION (OCLC); SERIES PART DESIGNATOR (RLIN) |
| Series part designator, SPT (RLIN) |
20090624 |
| b (OCLC) |
a |
| c (OCLC) |
dc21 |
| d (OCLC) |
MPS |